|
|
|
|
| LEADER |
00000cam a2200000 7i4500 |
| 001 |
0000001974 |
| 005 |
20020718.0 |
| 020 |
0 |
0 |
|a 1853832227
|
| 090 |
0 |
0 |
|a 634.92
|b UPT 1995
|
| 100 |
1 |
0 |
|a UPTON
|h Christopher
|
| 245 |
1 |
4 |
|a The forest certification handbook
|c Christopher Upton and Stephen Bass
|
| 260 |
0 |
0 |
|a LondonzEarthsan ,
|c 1995
|
| 300 |
|
|
|a xx, 218 p. :
|b ill. ;
|c 24 cm.
|
| 500 |
0 |
0 |
|a Bibliography : p. 211-212
|
| 650 |
0 |
0 |
|a Forest management
|x Handbooks, manuals, etc.
|
| 650 |
0 |
0 |
|a Forest products
|x Certificates
|
| 700 |
0 |
1 |
|a Bass
|h Stephen
|
| 998 |
|
|
|a JPSM
|
| 999 |
|
|
|a 0000003382
|b Monograph
|c Open Shelf
|e Default branch
|